Stalfelt's plant ecology: Plants the soil and man. (Record no. 28546)
[ view plain ]
| 000 -LEADER | |
|---|---|
| fixed length control field | 00356nam a2200133Ia 4500 |
| 082 ## - DEWEY DECIMAL CLASSIFICATION NUMBER | |
| Classification number | 581.5 |
| Item number | JAR |
| 100 ## - MAIN ENTRY--AUTHOR NAME | |
| Personal name | JARVIS, Margaret S |
| 245 #0 - TITLE STATEMENT | |
| Title | Stalfelt's plant ecology: Plants the soil and man. |
| 260 ## - PUBLICATION, DISTRIBUTION, ETC. (IMPRINT) | |
| Place of publication | London |
| Name of publisher | Longman |
| Year of publication | 1960 |
| 650 ## - SUBJECT ADDED ENTRY--TOPICAL TERM | |
| Topical Term | Plant ecology |
| 700 ## - ADDED ENTRY--PERSONAL NAME | |
| Personal name | JARVIS, Paul G |
| 942 ## - ADDED ENTRY ELEMENTS (KOHA) | |
| Koha item type | Books |
| Withdrawn status | Lost status | Damaged status | Not for loan | Home library | Current library | Date acquired | Full call number | Accession Number | Koha item type |
|---|---|---|---|---|---|---|---|---|---|
| RRII Library | RRII Library | 16/12/2021 | 581.5 JAR | 09144 | Books |